000 00721nam a22002057a 4500
005 20240821125305.0
010 _aHIN-128250
020 _a8188557250
_c250.00
035 _aHN-100596
037 _bDBAD
082 _a500
100 _aहर्ष, हरदान
_970318
245 _aविज्ञान कोष/
_cहरदान हर्ष
250 _a1
260 _aजयपुर
_bराजस्थान प्रकाशन
_c2021
270 _a28-29, त्रिपोलिया बाजार
_bजयपुर -02
300 _a134पृ.
_c22सेमी (सजिल्द)
650 _aहिन्दी
_970319
942 _adpl
_cHN
_2ddc
_h500
_mहर्षह
999 _c205126
_d205126